000 00899pam a2200253 a 4500
999 _c126643
_d126643
001 1859606
003 ARRUPE
005 20170811114453.0
008 820319s1982 enk b 001 0 eng
010 _a 82004089
020 _a038920305X (Barnes & Noble)
040 _aDLC
_cDLC
_dDLC
050 0 0 _aQC7
_b.H26 1982
082 0 0 _a530.1
_219
100 1 _aHarman, P. M.
_q(Peter Michael),
_d1943-
_934742
245 1 0 _aMetaphysics and natural philosophy :
_bthe problem of substance in classical physics /
_cP.M. Harman.
260 _aBrighton, Sussex :
_bHarvester Press ;
_aTotowa, N.J. :
_bBarnes & Noble Books,
_c1982.
300 _axvi, 168 p. ;
_c23 cm.
500 _aIncludes index.
504 _aBibliography: p. [155]-163.
650 0 _aPhysics
_xPhilosophy.
_934743
650 0 _aMetaphysics.
_934744
906 _a7
_bcbc
_corignew
_d1
_eocip
_f19
_gy-gencatlg
942 _2lcc
_cMONOGRAPH